000 00509nam a22001817a 4500
005 20180425152317.0
010 _aENG-122663
020 _a9789386338211
_c399.00
035 _aEN-106195
037 _bDBAD/PUB
082 _aN
100 _aHowarh, Jane Wilson
245 _aSnowfed waters /
_cby Jane Wilson Howarh
260 _aNew Delhi
_bSpeaking Tiger Publications
_c2017
270 _a4381/4, Ansari Road, Daryaganj,
_bNew Delhi
_e110002
300 _a287p.
_c22cm(pbk)
942 _2ddc
_cEN
_mHOW
_hN
999 _c151753
_d151753